header

Junie B. Jones and the Mushy Gushy Valentime (Record no. 260600)

MARC details
000 -LEADER
fixed length control field 00255nam a22001097a 4500
020 ## - INTERNATIONAL STANDARD BOOK NUMBER
ISBN 0439198992
100 ## - MAIN ENTRY--AUTHOR NAME
Personal name Barbara Park
245 ## - TITLE STATEMENT
Title Junie B. Jones and the Mushy Gushy Valentime
260 ## - PUBLICATION, DISTRIBUTION, ETC. (IMPRINT)
Place of publication New York
Name of publisher Scholastic
300 ## - PHYSICAL DESCRIPTION
Number of Pages 69 pgs
942 ## - ADDED ENTRY ELEMENTS (KOHA)
Koha item type Long Loan Books
Holdings
Withdrawn status Lost status Collection code Home library Current library Shelving location Date acquired Accession Number Koha item type
    Fiction Rongo University Library Rongo University Library Children's Area 08/09/2023 CL20211013 Long Loan Books

© 2026 Rongo University
Contact us: librarian | system librarian | Rongo university